|
|
|
|
| LEADER |
00000nas a2200000 a 4500 |
| 001 |
ssj0000651274 |
| 003 |
WaSeSS |
| 005 |
20200512172242.0 |
| 006 |
m d |
| 007 |
cr n |
| 008 |
110721c20109999it uu p s 0 0eng c |
| 010 |
|
|
|a 2012267015
|
| 022 |
|
|
|a 2038-5250
|l 2038-5242
|
| 035 |
|
|
|a (WaSeSS)ssj0000651274
|
| 040 |
|
|
|a HUA
|b eng
|c HUA
|d DOS
|d AU@
|d OCLCQ
|d CUS
|d OCLCF
|d OCLCO
|d OCLCQ
|d WaSeSS
|
| 042 |
|
|
|a pcc
|
| 050 |
|
4 |
|a HD72
|b .C33 online
|
| 082 |
0 |
4 |
|a 330.1556
|b C12
|
| 210 |
0 |
|
|a Cadmus
|b (Trieste, Online)
|
| 222 |
|
0 |
|a Cadmus
|b (Trieste. Online)
|
| 245 |
0 |
0 |
|a Cadmus
|h [electronic resource].
|
| 246 |
1 |
|
|a Papers series of the South-East European Division of the World Academy of Art and Science (SEED-WAAS)
|
| 260 |
|
|
|a Trieste, Italy :
|b Risk Institute
|
| 362 |
1 |
|
|a Began with Volume 1, Issue 1 (October 2010).
|
| 506 |
|
|
|a License restrictions may limit access.
|
| 588 |
|
|
|a Description based on: Volume 1, Issue 1 (October 2010); title from PDF cover (publisher website, viewed April 27, 2012).
|
| 588 |
|
|
|a Latest issue consulted: Volume 1, Issue 4 (April 2012) (publisher website, viewed April 27, 2012).
|
| 650 |
|
0 |
|a Economic policy
|v Periodicals.
|
| 650 |
|
0 |
|a Welfare economics
|v Periodicals.
|
| 650 |
|
0 |
|a Globalization
|x Economic aspects
|v Periodicals.
|
| 650 |
|
7 |
|a Economic policy.
|2 fast
|0 (OCoLC)fst00902025
|
| 650 |
|
7 |
|a Globalization
|x Economic aspects.
|2 fast
|0 (OCoLC)fst00943533
|
| 650 |
|
7 |
|a Welfare economics.
|2 fast
|0 (OCoLC)fst01173620
|
| 653 |
|
0 |
|a Economics
|
| 653 |
|
0 |
|a Global governance
|
| 653 |
|
0 |
|a Human capital
|
| 653 |
|
0 |
|a Peaceful evolution
|
| 655 |
|
0 |
|a Electronic journals.
|
| 710 |
2 |
|
|a World Academy of Art and Science.
|b South-East European Division.
|
| 710 |
2 |
|
|a Risk Institute.
|
| 776 |
0 |
8 |
|i Print version:
|t Cadmus
|x 2038-5242
|
| 856 |
4 |
0 |
|z Full text available from Research Library: 10/01/2010 to present
|u https://search.proquest.com/publication/1026370
|